000 01285naa a22002897a 4500
001 BR7405286
003 BR-BrBNA
005 20240918173607.0
007 ta
008 230509b bl.||||| |||| 00| 0 por d
040 _aBR-BrBNA
_bpor
_cBiblioteca Nacional de Agricultura
041 _a(Pt)
072 _aF25
_b3840
_bG514
090 _aF25 BR7405286
100 1 _aMohr, W.
111 1 _aMesas Redondas do Algodao, do Cafe e da Conservacao do Solo
_cSao Paulo, SP (Brazil)
_d1948
245 1 _aO teor de calcio e a acidez dos solos do estado do Rio Grande do Sul [Fertilidade do solo; Brasil]
260 3 _aSao Paulo, SP (Brasil):
_c1950.
500 _aAnais das Mesas Redondas do Algodao, do Cafe e da Conservacao do Solo; organizadas sob os auspicios do Instituto de Economia Rural 1948-1979. Teses apresentadas Sao Paulo, SP (Brasil): 1950. p. 405-434 (BR7405286-AM)F25
650 _aCALCIO
650 _aACIDEZ
650 _aCALAGEM
650 _aRIO GRANDE DO SUL
773 0 _tAnais das Mesas Redondas do Algodao, do Cafe e da Conservacao do Solo; organizadas sob os auspicios do Instituto de Economia Rural 1948-1979. Teses apresentadas
_b
_wF25 BR7405286
_gSao Paulo, SP (Brasil), 1950. p. 405-434
909 _a202404
_bLucia
_c55
_dLucia Elande
942 _cAM
_2AGRIS
999 _c305637
_d305637